| 000 | 00802cam a2200229 4500 | ||
|---|---|---|---|
| 001 | J2148 | ||
| 008 | 090401t1993 xxu||||| |||| 00| 0 eng d | ||
| 035 | _a(Sirsi) u47487 | ||
| 041 | _aeng | ||
| 110 |
_aEurope _bEuropean Communities Council _92364 |
||
| 245 | _aResolution of the Council and the representatives of the governments of the member states, meeting within the Council of 1 February 1993 on a community programme of policy and action in relation to the environment and sustainable development (93/C 138/01). | ||
| 260 | _c1993 | ||
| 300 | _a98p. ; 30cm. | ||
| 350 | _a0 | ||
| 490 |
_aResolution _v93/C 138/01 |
||
| 650 | _aEUROPEAN COMMUNITY | ||
| 650 | _aRESOLUTIONS | ||
| 650 | _aSUSTAINABLE DEVELOPMENT | ||
| 690 | _aEUROPE-SINGLE MARKET | ||
| 942 | _n0 | ||
| 948 | _c04/03/1997 | ||
| 999 |
_c92135 _d92135 |
||